Allgemeine Betriebswirtschaftliche
Salvato in:
| Natura: | Libro |
|---|---|
| Lingua: | tedesco |
| Pubblicazione: |
Stuttgart
Fischer
1991
|
| Edizione: | 5. neubearb. Aufl. |
| Soggetti: | |
| Tags: |
Nessun Tag, puoi essere il primo ad aggiungerne!!
|
MARC
| LEADER | 00000nam a2200000 4500 | ||
|---|---|---|---|
| 001 | c005102 | ||
| 005 | 20221214101943.4 | ||
| 020 | |a 3-437-40249-8 | ||
| 041 | 0 | |a ger | |
| 044 | |a DE | ||
| 245 | 1 | 0 | |a Allgemeine Betriebswirtschaftliche |
| 250 | |a 5. neubearb. Aufl. | ||
| 264 | 1 | |a Stuttgart |b Fischer |c 1991 | |
| 300 | |a 602 s. | ||
| 610 | 2 | 0 | |a veda o podniku |
| 610 | 2 | 0 | |a riadenie podnikové |
| 610 | 2 | 0 | |a kontrola podniková |
| 610 | 2 | 0 | |a organizácia podniku |
| 610 | 2 | 0 | |a modely organizačné |
| 610 | 2 | 0 | |a stratégia podniková |
| 610 | 2 | 0 | |a rozhodovanie |
| 610 | 2 | 0 | |a prognózy |
| 610 | 2 | 0 | |a technológie informačné |
| 610 | 2 | 0 | |a účtovníctvo |